00487nam a2200181Ia 4500008004100000020001800041041000800059082001100067100001900078245006300097250001400160260003000174300000900204500003000213650001800243700002300261700002100284240709s2024 xx und d a9780323878876 aeng a617.09 aNEWMAN MICHAEL aNEWMAN & CARRANZA'S CLINICAL PERIODONTOLOGY & IMPLONTOLOGY a14TH ED.  aNEW DELHIbELSEVIERc2024 a1087 aB. M. S. G. B., Ltd. Pune aPERIODONTOLGY aELANGOVAN SATHEESH aKLOKKEVOLD PERRY